<?xml version="1.0" encoding="UTF-8"?>
<record
    xmlns:xsi="http://www.w3.org/2001/XMLSchema-instance"
    xsi:schemaLocation="http://www.loc.gov/MARC21/slim http://www.loc.gov/standards/marcxml/schema/MARC21slim.xsd"
    xmlns="http://www.loc.gov/MARC21/slim">

  <leader>01851nam a22002894aa4500</leader>
  <controlfield tag="003">BOFEUTO</controlfield>
  <controlfield tag="005">20260513095152.0</controlfield>
  <controlfield tag="008">260504t2025    bo     gr     000 f spa d</controlfield>
  <datafield tag="040" ind1=" " ind2=" ">
    <subfield code="6">BOFEUTO</subfield>
    <subfield code="a">BOFEUTO</subfield>
    <subfield code="c">BOFEUTO</subfield>
  </datafield>
  <datafield tag="041" ind1=" " ind2=" ">
    <subfield code="a">spa</subfield>
  </datafield>
  <datafield tag="044" ind1=" " ind2=" ">
    <subfield code="a">bo</subfield>
  </datafield>
  <datafield tag="082" ind1=" " ind2=" ">
    <subfield code="a">TE6311</subfield>
    <subfield code="b">R165p</subfield>
  </datafield>
  <datafield tag="100" ind1=" " ind2=" ">
    <subfield code="a">Ram&#xED;rez Huajlla, Paola Dayana</subfield>
    <subfield code="e">autor</subfield>
  </datafield>
  <datafield tag="245" ind1=" " ind2=" ">
    <subfield code="a">Plan de negocios para la creaci&#xF3;n de un emprendimiento dedicada a la producci&#xF3;n y comercializaci&#xF3;n de conos y barquillos de gallera la helados en la ciudad de Oruro . /</subfield>
    <subfield code="c"> Paola Dayana Ram&#xED;rez Huajlla, Clara Rojas Paredes</subfield>
  </datafield>
  <datafield tag="260" ind1=" " ind2=" ">
    <subfield code="a">Oruro :</subfield>
    <subfield code="b">s/n,</subfield>
    <subfield code="c">2025.</subfield>
  </datafield>
  <datafield tag="300" ind1=" " ind2=" ">
    <subfield code="a">213 hojas ;</subfield>
    <subfield code="b">gr&#xE1;f, ilus. ;</subfield>
    <subfield code="c">28.5 cm.</subfield>
  </datafield>
  <datafield tag="500" ind1=" " ind2=" ">
    <subfield code="a">Incluye bibliograf&#xED;a, anexos.</subfield>
  </datafield>
  <datafield tag="502" ind1=" " ind2=" ">
    <subfield code="a">Tesis Dirigida, (Licenciatura) -- Universidad T&#xE9;cnica de Oruro, Facultad de Ciencias Econ&#xF3;micas, Financieras y Administrativas, Carrera Administraci&#xF3;n de Empresas, 2025.</subfield>
  </datafield>
  <datafield tag="520" ind1=" " ind2=" ">
    <subfield code="a">Huara la crujencia de la felicidad es un innovador emprendimiento local en Oruro, Bolivia, enfocando en la producci&#xF3;n y comercializaci&#xF3;n de conos y barquillo de galletas crujientes y de calidad. Nuestro emprendimiento buscar beneficiar a los consumidores, ofreciendo cono y barquillos de excelente calidad y sabor a precios atractivos, mejorando su experiencia al disfrutar de helados y postres. Asimismo, contribuiremos al desarrollo econ&#xF3;mico local generando empleo estable y digno postres. En huara , no solo elaboramos galletas; creamos experiencias que deleitan. Nos dedicamos a producir conos y barquillos que son sin&#xF3;nimos de frescura, sabor y una crocancia inigualable, elevando el est&#xE1;ndar de los postres en Oruro.</subfield>
  </datafield>
  <datafield tag="650" ind1=" " ind2=" ">
    <subfield code="a">Plan de Negocios</subfield>
  </datafield>
  <datafield tag="653" ind1=" " ind2=" ">
    <subfield code="a">Creaci&#xF3;n</subfield>
  </datafield>
  <datafield tag="653" ind1=" " ind2=" ">
    <subfield code="a">Producci&#xF3;n</subfield>
  </datafield>
  <datafield tag="653" ind1=" " ind2=" ">
    <subfield code="a">Comercializaci&#xF3;n</subfield>
  </datafield>
  <datafield tag="653" ind1=" " ind2=" ">
    <subfield code="a">Demanda</subfield>
  </datafield>
  <datafield tag="700" ind1=" " ind2=" ">
    <subfield code="a">Rojas Paredes, Clara</subfield>
    <subfield code="e">tutor</subfield>
  </datafield>
  <datafield tag="942" ind1=" " ind2=" ">
    <subfield code="2">ddc</subfield>
    <subfield code="c">TE</subfield>
    <subfield code="n">0</subfield>
  </datafield>
  <datafield tag="999" ind1=" " ind2=" ">
    <subfield code="c">16166</subfield>
    <subfield code="d">16166</subfield>
  </datafield>
  <datafield tag="952" ind1=" " ind2=" ">
    <subfield code="0">0</subfield>
    <subfield code="1">0</subfield>
    <subfield code="2">ddc</subfield>
    <subfield code="4">0</subfield>
    <subfield code="7">0</subfield>
    <subfield code="a">UTO</subfield>
    <subfield code="b">UTO</subfield>
    <subfield code="c">4</subfield>
    <subfield code="d">2026-05-04</subfield>
    <subfield code="i">6311</subfield>
    <subfield code="l">0</subfield>
    <subfield code="o">TE6311/R165p/2025</subfield>
    <subfield code="p">TE6311</subfield>
    <subfield code="r">2026-05-13 09:52:40</subfield>
    <subfield code="t">Ej.1</subfield>
    <subfield code="w">2026-05-13</subfield>
    <subfield code="y">TE</subfield>
  </datafield>
</record>
